Umývač výloh a arcibiskup : příběh člověka v proměnách doby / Alain Boudre ; z francouzského originálu Laveur de vitres et archêveque ... přeložila Hana Fořtová
Record details
- ISBN: 978-80-905265-9-4
- Physical Description: 149 stran : ilustrace, portréty ; 21 cm
- Edition: 1. vydání
- Publisher: Praha : Nové město, 2016
Content descriptions
| General Note: | V tiráži chybně uveden název originálu, správně je: Laveur de vitres et archevêque Publikace vychází ve spolupráci s frakcí Evropské lidové strany v Evropském parlamentu |
Search for related items by subject
| Genre: | biografie rozhovory biography interviews |
Available copies
- 1 of 1 copy available at Common Catalog SPOK.
Holds
- 0 current holds with 1 total copy.
Show Only Available Copies
| Location | Call Number / Copy Notes | Barcode | Shelving Location | Status | Due Date |
|---|---|---|---|---|---|
| Jabok Library | VO-1.2.1/V | 424480041798 | Odborná literatura | Available | - |
| LDR | 03192nam a2200781 i 4500 | ||
|---|---|---|---|
| 001 | 31169 | ||
| 003 | CZ-PrJAB | ||
| 005 | 20190226155048.0 | ||
| 007 | ta | ||
| 008 | 170112s2016 xr ac e 000 0bcze | ||
| 015 | . | ‡acnb002850449 | |
| 020 | . | ‡a978-80-905265-9-4 ‡q(vázáno) | |
| 035 | . | ‡a(CZ PrNK)nkc20162850449 | |
| 035 | . | ‡a(OCoLC)972606963 | |
| 040 | . | ‡aABA001 ‡bcze ‡erda | |
| 041 | 1 | . | ‡acze ‡hfre |
| 043 | . | ‡ae-xr--- | |
| 045 | . | ‡ax3y1 | |
| 072 | 7. | ‡a27 ‡xKřesťanství. Křesťanská církev všeobecně. Eklesiologie ‡2Konspekt ‡95 | |
| 072 | 7. | ‡a929 ‡xBiografie ‡2Konspekt ‡98 | |
| 080 | . | ‡a929 ‡2MRF | |
| 080 | . | ‡a272-732.2-725.2 ‡2MRF | |
| 080 | . | ‡a27-726.1 ‡2MRF | |
| 080 | . | ‡a27-4 ‡2MRF | |
| 080 | . | ‡a27-46 ‡2MRF | |
| 080 | . | ‡a27-662:3 ‡2MRF | |
| 080 | . | ‡a27-674.5 ‡2MRF | |
| 080 | . | ‡a322 ‡2MRF | |
| 080 | . | ‡a(437.3) ‡2MRF | |
| 080 | . | ‡a(092) ‡2MRF | |
| 080 | . | ‡a(047.53) ‡2MRF | |
| 100 | 1 | . | ‡aBoudre, Alain ‡7jo2017938809 ‡4aut |
| 240 | 1 | 0. | ‡aLaveur de vitres et archevêque. ‡lČesky |
| 245 | 1 | 0. | ‡aUmývač výloh a arcibiskup : ‡bpříběh člověka v proměnách doby / ‡cAlain Boudre ; z francouzského originálu Laveur de vitres et archêveque ... přeložila Hana Fořtová |
| 250 | . | ‡a1. vydání | |
| 264 | 1. | ‡aPraha : ‡bNové město, ‡c2016 | |
| 300 | . | ‡a149 stran : ‡bilustrace, portréty ; ‡c21 cm | |
| 336 | . | ‡atext ‡btxt ‡2rdacontent | |
| 337 | . | ‡abez média ‡bn ‡2rdamedia | |
| 338 | . | ‡asvazek ‡bnc ‡2rdacarrier | |
| 500 | . | ‡aV tiráži chybně uveden název originálu, správně je: Laveur de vitres et archevêque | |
| 500 | . | ‡aPublikace vychází ve spolupráci s frakcí Evropské lidové strany v Evropském parlamentu | |
| 600 | 1 | 7. | ‡aVlk, Miloslav, ‡d1932-2017 ‡7jk01150159 ‡2czenas |
| 648 | 7. | ‡a20.-21. století ‡7ch462155 ‡2czenas | |
| 648 | 7. | ‡a20. století ‡7ch460558 ‡2czenas | |
| 648 | 4. | ‡a1932- | |
| 650 | 0 | 7. | ‡akardinálové ‡7ph121465 ‡zČesko ‡y20.-21. století ‡2czenas |
| 650 | 0 | 7. | ‡aarcibiskupové ‡7ph118592 ‡zČesko ‡y20.-21. století ‡2czenas |
| 650 | 0 | 7. | ‡acírkevní život ‡7ph119306 ‡zČesko ‡y20.-21. století ‡2czenas |
| 650 | 0 | 7. | ‡apastorace ‡7ph123988 ‡zČesko ‡y20.-21. století ‡2czenas |
| 650 | 0 | 7. | ‡akřesťanství a společnost ‡7ph138510 ‡zČesko ‡y20.-21. století ‡2czenas |
| 650 | 0 | 7. | ‡anáboženská perzekuce ‡7ph117342 ‡zČesko ‡y20. století ‡2czenas |
| 650 | 0 | 7. | ‡astát a církev ‡7ph116308 ‡zČesko ‡y20. století ‡2czenas |
| 650 | 0 | 9. | ‡acardinals ‡zCzechia ‡y20th-21st centuries ‡2eczenas |
| 650 | 0 | 9. | ‡aarchbishops ‡zCzechia ‡y20th-21st centuries ‡2eczenas |
| 650 | 0 | 9. | ‡achurch life ‡zCzechia ‡y20th-21st centuries ‡2eczenas |
| 650 | 0 | 9. | ‡apastoral care ‡zCzechia ‡y20th-21st centuries ‡2eczenas |
| 650 | 0 | 9. | ‡aChristianity and civilization ‡zCzechia ‡y20th-21st centuries ‡2eczenas |
| 650 | 0 | 9. | ‡areligious persecution ‡zCzechia ‡y20th century ‡2eczenas |
| 650 | 0 | 9. | ‡achurch and state ‡zCzechia ‡y20th century ‡2eczenas |
| 655 | 7. | ‡abiografie ‡7fd131909 ‡2czenas | |
| 655 | 7. | ‡arozhovory ‡7fd133303 ‡2czenas | |
| 655 | 9. | ‡abiography ‡2eczenas | |
| 655 | 9. | ‡ainterviews ‡2eczenas | |
| 700 | 1 | . | ‡aFořtová, Hana ‡7jx20100603017 ‡4trl |
| 910 | . | ‡aABG312 | |
| 995 | . | ‡aska | |
| 901 | . | ‡a31169 ‡b ‡c31169 ‡tbiblio | |